Library science and its facets / (Record no. 63210)

MARC details
000 -LEADER
fixed length control field 00380nam a22001457a 4500
005 - DATE AND TIME OF LATEST TRANSACTION
control field 20120218125528.0
020 ## - INTERNATIONAL STANDARD BOOK NUMBER
International Standard Book Number 8170002230
Terms of availability 900.00 (two Vol. sets)
035 ## - SYSTEM CONTROL NUMBER
System control number A-904881
037 ## - SOURCE OF ACQUISITION
Stock number DPL
Source of stock number/acquisition ENG
245 ## - TITLE STATEMENT
Title Library science and its facets /
250 ## - EDITION STATEMENT
Edition statement Vol.2
260 ## - PUBLICATION, DISTRIBUTION, ETC. (IMPRINT)
Place of publication, distribution, etc New Delhi
Name of publisher, distributor, etc Ess Ess Publications
Date of publication, distribution, etc 1998
300 ## - PHYSICAL DESCRIPTION
Extent 268p.
Dimensions 18 cms.
942 ## - ADDED ENTRY ELEMENTS (KOHA)
Source of classification or shelving scheme Dewey Decimal Classification
Item type English Books
Classification part 020
Call number suffix CHO

No items available.


© Delhi Public Library
Hit Counter
free hit counter